Регионална библиотека "Любен Каравелов" - Русе

Konzert fur Klarinette und Orchester (Запис номер 350500)

MARC детайли
000 -Лидер
Контролно поле с фиксирана дължина 01250ncm a2200337 c 4500
003 - Код на организацията, давaща контролен номер
Контролно поле BLK
005 - Дата и час на последна редакция
Контролно поле 20201007040700.0
008 - Елементи от данни с фиксирана дължина
fixed length control field 180414b bul |a|er|||| |0| c|bulo|
010 ## - Наследен системен номер
LC control number NOT00003027000
040 ## - Източник на каталожния запис
Идентификатор на билиотеката - собственик на записа BLK
041 ## - Код за език
Код за езика на текст/звукозапис или на отделно заглавие Немски
Код за езика КДБФ Немски
080 ## - УДК
Текстов определител УДК Кларинет, баскларинет, басетхорн
УДК код - определител по УДК 788.6
УДК - код + определител 788.6
100 ## - Редна дума - Автор
Автор Bruns, Victor
Авторска отговорност първи автор
R(LIN) 403250
139 ## - Редно поле
Редна дума Bruns, Victor
Авторски знак Бро - Б 82
245 10 - Сведения за заглавието
Заглавие Konzert fur Klarinette und Orchester
Подзаглавни данни Aufgabe fur Klarinette und Klavier
Редно поле (дума) Victor Bruns.
Версия Oр.26
254 ## - Сведения за формата на нотното издание
Формат на описваните ноти Клавир+щимове
257 ## - Страна на издаване
Страна на създаване/издаване Германия
260 ## - Област на издателските данни
Име на издателя, разпространителя и проч. Friedrich Hofmeister
Година на издаване 1980
9 (RLIN) 402638
Място на издаване, разпространение и проч. Leipzig
300 ## - Физическа характеристика
Страници 31 с.
Размери/Мащаб 30 см
Съпровождащи материали 11 c. щим
380 ## - Жанр
Жанр Изкуство
490 ## - СЕРИИ (Колекции)
9 (RLIN) 403029
Име на серия Hofmeister Studienwerke
650 #4 - Допълнително описание по предмет – тема
Основно описание – тема или топоним Кларинет - концерти, концертини
9 (RLIN) 353187
653 ## - Ключова дума – ненормативна
Ключова дума кларинети
653 ## - Ключова дума – ненормативна
Ключова дума концерти
700 ## - Други автори (авторска отговорност)
Лично име Брунс, Виктор
Автороска отговорност (Описва отношението между автора и произведението) първи автор
9 (RLIN) 1299
852 ## - Местоположение
Форматна сигнатура Цб М ІІ 9190
Част 0
856 4# - Електронен адрес и достъп
Електронен формат pdf - файл
Път до файла /url/
856 4# - Електронен адрес и достъп
Електронен формат pdf - файл
Път до файла /url/
999 ## - СИСТЕМНИ КОНТРОЛНИ НОМЕРА
Koha biblionumber 350500
Koha biblioitemnumber 350500
942 ## - АРТИКУЛИ
Вид на библиотечния материал Нотни издания
Скрит в OPAC Не
Периодичен библиозапис Да
944 ## - СЪЗДАВАНЕ И РЕДАКЦИЯ на ЗАПИСА
Създаване/Редакция Създаване
Дата на регистрацията/редакция 22.05.2009
Служител, извършил регистрацията/редакцията Ирена_Линкова
944 ## - СЪЗДАВАНЕ И РЕДАКЦИЯ на ЗАПИСА
Създаване/Редакция Редакция
Дата на регистрацията/редакция 21.07.2015
Служител, извършил регистрацията/редакцията Ирена_Линкова
999 ## - СИСТЕМНИ КОНТРОЛНИ НОМЕРА
Koha biblioitemnumber 350500
999 ## - СИСТЕМНИ КОНТРОЛНИ НОМЕРА
Koha biblioitemnumber 350500
999 ## - СИСТЕМНИ КОНТРОЛНИ НОМЕРА
Koha biblioitemnumber 314616
Наличности
Код за отписване Код за изгубен артикул Източник на класификационната схема Код за повреда Коз за рестрикции Код за отдаване Артикулен № Име на библиотеката - собственик Име на библиотеката, в която се намира в момента Статус (Текущо местоположение) Дата на вписване в системата Местоположение - отдел Цена в лева Инвентарен номер Систематично азбучна сигнатура Баркод Цена в евро Служебен тип на артикула
  Не е изгубен Universal Decimal Classification Не е повреден без рестрикции заемане за дома 757814 Регионална библиотека "Любен Каравелов" Русе Регионална библиотека "Любен Каравелов" Русе Отдел Изкуство - подръчен фонд 2020-04-02 Отдел Изкуство - подръчен фонд 1.55 379662 788/Б 82 В 120000379662 0.79 Нотни издания
Vip Innovations Ltd, Rousse, Bulgaria 2025